Dôležité zmeny a doplnenia v sociálnom poistení účinné od 1. januára 2005

Bibliographic Details
Main Authors: Novotná, Eleonóra (Author), Rišňovský, Ľudovít (Author)
Format: Article
Language:Slovak

MARC

LEADER 00000nab a2200000uu 4500
001 vtls010910012
003 SK-MaSNL
005 20260303115049.0
008 230127|2005 xo |||||||||||||||||slo|
015 |a SNBRB 
035 |a (urnnbn)urn:nbn:sk:snk:ar-a0816a 
035 |a (uuid)25993f9b-e0ef-4c6c-98e8-6ba5b359eee9 
035 |a urn:nbn:sk:snk-ab8zjl 
040 |a SNKBUCL  |b slo  |c SNKBUCL  |e AACR2 
041 0 |a slo 
044 |a xo  |c SK 
100 1 |a Novotná, Eleonóra  |4 aut  |9 285380 
245 1 0 |a Dôležité zmeny a doplnenia v sociálnom poistení účinné od 1. januára 2005  |c Eleonóra Novotná, Ľudovít Rišňovský 
700 1 |a Rišňovský, Ľudovít  |4 aut  |9 292713 
773 0 |t Personálny a mzdový poradca podnikateľa  |g Č. 4-5 (2005), s. 73-120 
954 |a odborná, vedecká literatúra pôvodná (slovenská)  |2 lita 
958 |a OND 
958 |a EUIPO 
958 |a article10 
999 |c 1902016  |d 1903946